Znovu na téma Six Sigma
História vzniku pojmu Six sigma v spoločnosti Motorola. Bill Smith - zakladateľ metódy Six sigma. Definícia a charakteristika . 10 faktorov ovplyvňujúcich úspešnú implementáciu tejto metodológie. Úspešné zavedenie metodológie Six sigma v piatich fázach označovaných symbolmi DMAIC.
Salvato in:
| Autore principale: | |
|---|---|
| Natura: | Capitolo di libro |
| Lingua: | ceco |
| Soggetti: | |
| Tags: |
Nessun Tag, puoi essere il primo ad aggiungerne!!
|
MARC
| LEADER | 00000naa$a2200000$$$4500 | ||
|---|---|---|---|
| 001 | 0023524 | ||
| 005 | 20231106121704.5 | ||
| 041 | 0 | |a cze | |
| 044 | |a CZ | ||
| 245 | 1 | 0 | |a Znovu na téma Six Sigma |c Pavol Janetka |
| 520 | |a História vzniku pojmu Six sigma v spoločnosti Motorola. Bill Smith - zakladateľ metódy Six sigma. Definícia a charakteristika . 10 faktorov ovplyvňujúcich úspešnú implementáciu tejto metodológie. Úspešné zavedenie metodológie Six sigma v piatich fázach označovaných symbolmi DMAIC. | ||
| 610 | 2 | 0 | |a riadenie podnikové |
| 610 | 2 | 0 | |a riadenie strategické |
| 610 | 2 | 0 | |a efektívnosť |
| 610 | 2 | 0 | |a kvalita |
| 610 | 2 | 0 | |a kultúra podniková |
| 610 | 2 | 0 | |a metódy štatistické |
| 610 | 2 | 0 | |a plánovanie strategické |
| 610 | 2 | 0 | |a dodávatelia |
| 610 | 2 | 0 | |a odberatelia |
| 610 | 2 | 0 | |a riadenie ľudských zdrojov |
| 610 | 2 | 0 | |a benchmarking |
| 100 | 1 | |a Janetka, Pavol | |